[Event "SWE-ch Blitz"]
[Site "Stockholm"]
[Date "2023.01.01"]
[Round "1"]
[White "Abdrlauf, Elham"]
[Black "Franzen, Thomas"]
[Result "1-0"]
[WhiteElo "2518"]
[BlackElo "1949"]
[PlyCount "35"]
[EventDate "2023.01.01"]
[EventType "swiss (blitz)"]
[EventRounds "13"]
[EventCountry "SWE"]
[SourceTitle "CBM 211 Extra"]
[Source "ChessBase"]
[SourceDate "2023.01.31"]
[SourceVersion "1"]
[SourceVersionDate "2023.01.31"]
[SourceQuality "1"]

1. e4 b6 2. d4 Bb7 3. Nc3 e6 4. Bd3 d6 5. Nf3 Nd7 6. 0-0 Qe7 7. Re1 h6 8. Qe2 0-0-0 9. Ba6 Nb8 10. Bxb7+ Kxb7 11. a4 a5 12. Be3 Na6 13. Qc4 Nf6 14. d5 e5 15. Qc6+ Ka7 16. Nb5+ Kb8 17. Bxb6 Nb4 18. Bxc7+ 1-0

[Event "SWE-ch Seniors 65"]
[Site "Uppsala"]
[Date "2022.07.05"]
[Round "4"]
[White "Bergstrom, Rolf"]
[Black "Franzen, Thomas"]
[Result "1/2-1/2"]
[WhiteElo "2202"]
[BlackElo "1997"]
[PlyCount "53"]
[EventDate "2022.07.02"]
[EventType "swiss"]
[EventRounds "9"]
[EventCountry "SWE"]
[SourceTitle "EXT 2024"]
[Source "ChessBase"]
[SourceDate "2023.10.10"]
[SourceVersion "1"]
[SourceVersionDate "2023.10.10"]
[SourceQuality "1"]

1. e4 e6 2. d4 d5 3. e5 c5 4. c3 Nc6 5. Nf3 Qb6 6. Na3 cxd4 7. cxd4 Bb4+ 8. Bd2 a6 9. Nc2 Bxd2+ 10. Qxd2 Qxb2 11. Bd3 Qb6 12. 0-0 Nge7 13. Qg5 Kf8 14. Rab1 Qc7 15. h4 h6 16. Qd2 f5 17. h5 g5 18. hxg6 Nxg6 19. g3 Qg7 20. Kg2 h5 21. Rh1 h4 22. Qg5 Rh5 23. Qd2 Rh8 24. Rh3 hxg3 25. Rxh8+ Nxh8 26. fxg3 Nf7 27. a4 1/2-1/2

[Event "WchT Seniors 65"]
[Site "Prague"]
[Date "2020.03.10"]
[Round "5.20"]
[White "Valentine, Brian J"]
[Black "Franzen, Thomas"]
[Result "0-1"]
[WhiteElo "1942"]
[BlackElo "1987"]
[PlyCount "46"]
[EventDate "2020.03.06"]
[EventType "team-swiss"]
[EventRounds "7"]
[EventCountry "CZE"]
[SourceTitle "CBM 195 Extra"]
[Source "ChessBase"]
[SourceDate "2020.05.31"]
[SourceVersion "1"]
[SourceVersionDate "2020.05.31"]
[SourceQuality "1"]
[WhiteTeam "England 65 II"]
[BlackTeam "Sweden 65 IV"]
[WhiteTeamCountry "ENG"]
[BlackTeamCountry "SWE"]

1. e4 c5 2. Nf3 Nc6 3. Bb5 g6 4. 0-0 Bg7 5. Re1 e5 6. Nc3 Nge7 7. a4 0-0 8. d3 h6 9. Nd5 d6 10. Nxe7+ Nxe7 11. h3 Be6 12. Bd2 Qc7 13. a5 Rad8 14. Ra4 d5 15. exd5 Bxd5 16. Bc4 Bc6 17. Ra1 Nf5 18. Rc1 Rfe8 19. Bc3 e4 20. Nd2 e3 21. Nf3 Bxc3 22. bxc3 exf2+ 23. Kxf2 Qg3+ 0-1

[Event "WchT Seniors 65"]
[Site "Prague"]
[Date "2020.03.09"]
[Round "4.19"]
[White "Franzen, Thomas"]
[Black "Lahti, Jouko"]
[Result "1-0"]
[WhiteElo "1987"]
[BlackElo "1953"]
[PlyCount "113"]
[EventDate "2020.03.06"]
[EventType "team-swiss"]
[EventRounds "7"]
[EventCountry "CZE"]
[SourceTitle "CBM 195 Extra"]
[Source "ChessBase"]
[SourceDate "2020.05.31"]
[SourceVersion "1"]
[SourceVersionDate "2020.05.31"]
[SourceQuality "1"]
[WhiteTeam "Sweden 65 IV"]
[BlackTeam "Finland 65 II"]
[WhiteTeamCountry "SWE"]
[BlackTeamCountry "FIN"]

1. d4 Nf6 2. Bf4 e6 3. Nf3 c5 4. e3 d5 5. c3 Qb6 6. Qb3 c4 7. Qc2 Nc6 8. b3 cxb3 9. axb3 Nh5 10. Bg3 Be7 11. Nbd2 f5 12. Be2 Bd7 13. Be5 Nf6 14. 0-0 0-0 15. c4 Nb4 16. Qc3 a5 17. Ne1 Qd8 18. Nd3 Nxd3 19. Qxd3 Bb4 20. f3 Bc6 21. Rfc1 Qd7 22. Nf1 Qf7 23. Qd1 Qg6 24. Bd3 h5 25. Ng3 h4 26. Ne2 Qh6 27. Nf4 Nd7 28. Qe2 Nxe5 29. dxe5 d4 30. c5 dxe3 31. Qxe3 Rad8 32. g3 Qg5 33. Kf2 Qh6 34. Rd1 Bc3 35. Bc4 Bxa1 36. Rxa1 Bd5 37. Bxd5 exd5 38. Qd4 hxg3+ 39. hxg3 g5 40. Ne2 Qe6 41. Rxa5 Ra8 42. Rb5 Ra2 43. Rb6 Qf7 44. Rf6 Qh5 45. Qxd5+ Rf7 46. Ke3 Kg7 47. Rxf7+ Qxf7 48. e6 Qf6 49. Nd4 Kg6 50. g4 fxg4 51. Qe4+ Kg7 52. Qxb7+ Kh6 53. Qe4 gxf3 54. Nf5+ Kh5 55. Qxf3+ g4 56. Ng3+ Kh6 57. Qxf6+ 1-0

[Event "WchT Seniors 65"]
[Site "Prague"]
[Date "2020.03.07"]
[Round "2.3"]
[White "Franzen, Thomas"]
[Black "Boidman, Yuri"]
[Result "0-1"]
[WhiteElo "1987"]
[BlackElo "2335"]
[PlyCount "78"]
[EventDate "2020.03.06"]
[EventType "team-swiss"]
[EventRounds "7"]
[EventCountry "CZE"]
[SourceTitle "CBM 195 Extra"]
[Source "ChessBase"]
[SourceDate "2020.05.31"]
[SourceVersion "1"]
[SourceVersionDate "2020.05.31"]
[SourceQuality "1"]
[WhiteTeam "Sweden 65 IV"]
[BlackTeam "Germany 65 II"]
[WhiteTeamCountry "SWE"]
[BlackTeamCountry "GER"]

1. e4 c5 2. Nf3 a6 3. g3 Nc6 4. Bg2 g6 5. d3 Bg7 6. Nbd2 e6 7. 0-0 Nge7 8. Re1 0-0 9. Nf1 d5 10. c3 b5 11. Bf4 b4 12. Qd2 a5 13. Bh6 dxe4 14. Bxg7 exf3 15. Bf6 fxg2 16. Ne3 Re8 17. g4 Qc7 18. Nf5 Nxf5 19. gxf5 Ne7 20. Re5 Qxe5 21. Bxe5 Nxf5 22. Qg5 Bb7 23. Qf6 Kf8 24. Re1 Rad8 25. Qh8+ Ke7 26. Bf6+ Kd6 27. Qxh7 Rd7 28. Qh3 Kc7 29. d4 cxd4 30. cxd4 Kb8 31. Be5+ Ka7 32. a3 b3 33. Qxb3 Rc8 34. Qh3 g5 35. Rd1 Nh4 36. f3 Bxf3 37. Re1 Bd5 38. Kf2 Rc2+ 39. Kg3 Re2 0-1

[Event "WchT Seniors 50"]
[Site "Rhodes"]
[Date "2019.04.20"]
[Round "5.7"]
[White "Jackson, Sheila"]
[Black "Franzen, Thomas"]
[Result "1/2-1/2"]
[WhiteElo "2051"]
[BlackElo "2015"]
[PlyCount "69"]
[EventDate "2019.04.16"]
[EventType "team-swiss"]
[EventRounds "9"]
[EventCountry "GRE"]
[SourceTitle "CBM 190 Extra"]
[Source "ChessBase"]
[SourceDate "2019.07.15"]
[SourceVersion "1"]
[SourceVersionDate "2019.07.15"]
[SourceQuality "1"]
[WhiteTeam "England II"]
[BlackTeam "Sweden"]
[WhiteTeamCountry "ENG"]
[BlackTeamCountry "SWE"]

1. e4 e6 2. d4 d5 3. exd5 exd5 4. Bd3 Bd6 5. Nf3 Nc6 6. c3 Nge7 7. Qc2 Bg4 8. Nbd2 Qd7 9. 0-0 Bf5 10. Re1 0-0 11. Nf1 Bxd3 12. Qxd3 Qf5 13. Qxf5 Nxf5 14. Bd2 Rfe8 15. g4 Rxe1 16. Rxe1 Nfe7 17. Ng3 Kf8 18. Kf1 Ng6 19. Nf5 Bf4 20. Be3 Nd8 21. h4 Bxe3 22. fxe3 Ne6 23. h5 Ne7 24. Nxe7 Kxe7 25. e4 dxe4 26. Rxe4 Kd6 27. c4 Rf8 28. d5 Nc5 29. Re3 a5 30. Nd4 g6 31. Nb5+ Kd7 32. Kg2 f5 33. hxg6 hxg6 34. gxf5 gxf5 35. Nd4 1/2-1/2

[Event "WchT Seniors 50"]
[Site "Rhodes"]
[Date "2019.04.16"]
[Round "1.6"]
[White "Bellia, Fabrizio"]
[Black "Franzen, Thomas"]
[Result "1-0"]
[WhiteElo "2447"]
[BlackElo "2015"]
[PlyCount "83"]
[EventDate "2019.04.16"]
[EventType "team-swiss"]
[EventRounds "9"]
[EventCountry "GRE"]
[SourceTitle "CBM 190 Extra"]
[Source "ChessBase"]
[SourceDate "2019.07.15"]
[SourceVersion "1"]
[SourceVersionDate "2019.07.15"]
[SourceQuality "1"]
[WhiteTeam "Italy"]
[BlackTeam "Sweden"]
[WhiteTeamCountry "ITA"]
[BlackTeamCountry "SWE"]

1. e4 c5 2. Nf3 d6 3. d4 cxd4 4. Nxd4 Nf6 5. Nc3 a6 6. Be2 e6 7. 0-0 Be7 8. f4 Nbd7 9. Kh1 Qc7 10. a4 b6 11. Bf3 Bb7 12. Qe1 Rc8 13. e5 dxe5 14. fxe5 Bxf3 15. Nxf3 Ng4 16. Bf4 h5 17. Qg3 g5 18. Bxg5 Bxg5 19. Nxg5 Ndxe5 20. h3 Qe7 21. Nge4 f5 22. Nd2 Qc5 23. Rae1 Kd7 24. Nb3 Qc7 25. Kg1 Rce8 26. hxg4 Nxg4 27. Qxc7+ Kxc7 28. Nd4 Kd6 29. Rd1 Ke7 30. Nc6+ Kf6 31. Ne4+ Kg6 32. Nd6 Ref8 33. Rde1 Rf6 34. Nc4 b5 35. N4e5+ Kg7 36. axb5 axb5 37. Ra1 Kh6 38. Ra7 Rc8 39. c3 Ne3 40. Rf3 Nd5 41. Rg3 h4 42. Rh3 1-0